| 000 | 00602nam a2200181Ia 4500 | ||
|---|---|---|---|
| 003 | GCL | ||
| 008 | 140319s9999 xx 000 0 eng d | ||
| 020 | _a977 424 351 X | ||
| 040 |
_aGCL / _cGCL |
||
| 082 | 0 | 4 |
_aCC _b962.03 _bC P |
| 100 | 1 | _aCUNO, KENNETH M. | |
| 245 | 1 | 0 |
_aTHE PASHA'S PEASNATS : _bLAND, SOCIETY, AND ECONOMY IN LOWER EGYPT, 1740 - 1858 / _cCUNO, KENNETH M. |
| 260 |
_aالقاهرة : _bTHE AMERICAN UNIVERSITY IN CAIRO PRESS ، _c1992 |
||
| 300 |
_a22 CM ؛ _c277 P |
||
| 650 | 0 | 4 | _aEGYPT - SOCIAL CONDITION |
| 650 | 0 | 4 | _aEGYPT - HISTORY - MOHAMMED ALI, 1805-1849 |
| 942 |
_2ddc _cBK |
||
| 999 |
_c8761 _d8761 |
||